The personal history of David Copperfield. By Charles Dickens with sixty-one illustrations by F. Barnard

Furkejuvvon:
Bibliográfalaš dieđut
Váldodahkki: Dickens, Charles (Dahkki)
Materiálatiipa: Girji
Giella:eaŋgalasgiella
Almmustuhtton: Londres Chapman and Hall, 193, Piccadilly 1890
Preanttus:5a. ed
Fáttát:
Fáddágilkorat: Lasit fáddágilkoriid
Eai fáddágilkorat, Lasit vuosttaš fáddágilkora!

MARC

LEADER 00000nam a2200000 a 4500
001 UCJ6885
003 CL-VaPUC
008 070124e18900000UK |||||||||||||||||eng|d
082 0 4 |a 823  |b DIC  |2 21 
100 0 |a Dickens, Charles  |e author  |9 319540 
245 1 4 |a The personal history of David Copperfield. By Charles Dickens with sixty-one illustrations by F. Barnard 
250 |a 5a. ed 
300 |a 437 p 
942 |c BK 
945 |d 20070124 00:00:00  |a rinostro 
260 |a Londres  |b Chapman and Hall, 193, Piccadilly  |c 1890 
500 |a Front.: Charles Dickens, grabado.- Impresión dentro de orla.- Capitales orladas.- Ilustraciones sin indizar pero conforme con el número señalado en portada.- Ex libris de D. Urbano Rojas Castillo, porteño que reunió una interesante biblioteca a comienzos de siglo, la que luego de su fallecimiento, salió a subasta pública, adjudicándose UCV varias interesantes obras 
600 0 7 |a BARNARD, F.  |2 CL-VaPUC  |9 514385 
600 0 7 |a ROJAS CASTILLO, URBANO  |2 CL-VaPUC  |9 509882 
650 7 |a NOVELA INGLESA  |2 CL-VaPUC  |9 309260 
650 0 |a Cultura  |9 269059 
650 7 |a CRITICA SOCIAL  |2 CL-VaPUC  |9 331282 
650 0 |a Iconografía   |9 267998 
650 0 |a Ilustraciones  |9 369481 
650 0 |a Grabados  |9 310822 
650 0 |a Valparaíso  |x Bibliotecas  |9 514386 
650 7 |a EX LIBRIS  |2 CL-VaPUC  |9 505186 
583 |a last modification  |c 20070124 00:00:00  |k Rodrigo Vera 
999 |c 322987  |d 322985 
952 |0 0  |1 0  |4 0  |6 823_000000000000000_DIC_1890  |7 0  |8 X  |9 402190  |a FDOBUD  |b FDOBUD  |d 2019-11-22  |i 1054449  |o 823 DIC 1890  |p 1054449  |r 2019-11-22  |w 2019-11-22  |y BK_X  |k BUD